[Event "ESP-chT"]
[Site "Sanxenxo"]
[Date "2004.11.18"]
[Round "1"]
[White "Carlsen, Magnus"]
[Black "Marin, Mihail"]
[Result "1/2-1/2"]
[WhiteElo "2581"]
[BlackElo "2511"]
[PlyCount "82"]
[EventDate "2004.11.18"]
[EventType "team"]
[EventRounds "9"]
[EventCountry "ESP"]
[SourceTitle "CBM 105"]
[Source "ChessBase"]
[SourceDate "2005.04.11"]
[SourceVersion "1"]
[SourceVersionDate "2005.04.11"]
[SourceQuality "1"]

1. e4 e5 2. Nf3 Nc6 3. Bb5 a6 4. Ba4 Nf6 5. O-O Be7 6. Re1 b5 7. Bb3 d6 8. c3 O-O 9. d4 Bg4 10. d5 Na5 11. Bc2 c6 12. dxc6 Qc7 13. Bg5 h6 ({RR} 13... Nc4 14. b3 Nb6 15. a4 bxa4 16. bxa4 Qxc6 17. Qe2 Qc7 18. Bd3 Nh5 19. Be3 Nf4 20. Bxf4 exf4 21. Bxa6 Bxf3 22. gxf3 Nd7 23. Bc4 Ra5 24. Bb5 Ne5 25. Rd1 Kh8 26. Nd2 Qxc3 27. Rac1 Qb2 28. Kf1 {Kuzmin,G (2525)-Bezgodov,A (2475) Oerebro 1995 ½-½}) ({RR} 13... Qxc6 14. Bxf6 Bxf6 15. Nxe5 Bxd1 16. Nxc6 Bxc2 17. Nxa5 Rac8 18. Re2 Bd3 19. Re3 Bc4 20. Nd2 Be6 21. f4 b4 22. e5 dxe5 23. fxe5 bxc3 24. bxc3 Bd8 25. Nab3 Bb6 26. Nd4 Rxc3 27. Re4 Rd3 28. N2f3 {Gao,Q-Zhang,J (1481) Hohhot CHN 2023 0-1}) 14. Bxf6 Bxf6 15. Nbd2 Be6 16. a4 $146 ({RR} 16. Nf1 Qxc6 17. Ne3 g6 18. Nd5 Bxd5 19. exd5 Qc7 20. Re4 Bg7 21. Rg4 Nc4 22. b3 Nb6 23. Rc1 Rac8 24. c4 bxc4 25. bxc4 h5 26. Rh4 Bh6 27. Rxh5 gxh5 28. Nh4 Qe7 29. Nf5 Qg5 30. f4 Qxf4 {Djakovac,E (2205)-Radojcic,S (2263) Serbia 2008 0-1 (47)}) 16... Qxc6 17. b4 Nc4 18. Nxc4 Bxc4 19. Bb3 Rfd8 20. Nd2 Bxb3 21. Qxb3 Bg5 22. Nf3 Rac8 23. axb5 axb5 24. h4 Bf6 25. Re3 d5 26. exd5 Qxd5 27. Qxd5 Rxd5 28. g3 e4 29. Rxe4 Rxc3 30. Kg2 Rf5 31. Nd4 Bxd4 32. Rxd4 Rc2 33. Rf1 h5 34. Kg1 Rb2 35. f3 Re5 36. Rf2 Rb1+ 37. Kg2 Ree1 38. Rc2 Rg1+ 39. Kf2 Rbf1+ 40. Ke2 Re1+ 41. Kf2 Ref1+ 1/2-1/2

[Event "ESP-chT"]
[Site "Sanxenxo"]
[Date "2004.11.20"]
[Round "3"]
[White "Carlsen, Magnus"]
[Black "Gurevich, Mikhail"]
[Result "1/2-1/2"]
[WhiteElo "2581"]
[BlackElo "2644"]
[Annotator "Finkel,Alexander"]
[PlyCount "86"]
[EventDate "2004.11.18"]
[EventType "team"]
[EventRounds "9"]
[EventCountry "ESP"]
[SourceTitle "CBM 105"]
[Source "ChessBase"]
[SourceDate "2005.04.11"]
[SourceVersion "1"]
[SourceVersionDate "2005.04.11"]
[SourceQuality "1"]

1. e4 e6 2. d4 d5 3. Nc3 Bb4 4. e5 b6 $5 {Playing against 13 years old boy Gurevich is looking for less popular line hoping to force his opponent to be on his own from the very beginning.} 5. a3 Bf8 6. Nf3 a5 (6... Qd7) 7. Bb5+ {Opting for the most popular reply.} (7. h4 h6 (7... h5 8. Bb5+ c6 9. Ba4 Ba6 10. Ne2 Bxe2 11. Qxe2 b5 12. Bb3 a4 13. Ba2 Nd7 14. c3 $14 {Shomoev,A-Vaganian,R/Istanbul 2003}) 8. h5 Ba6 9. Bxa6 Nxa6 10. Rh4 Ne7 11. Rf4 Qd7 12. b3 c6 13. a4 Nc8 14. Rg4 $14 {Yurtaev,L-Tulchinsky,M/Tomsk 1997}) (7. a4 Ne7 8. Bd3 Ba6 9. O-O Bxd3 10. Qxd3 Nbc6 (10... Nf5 11. Ne2 Be7 12. Ng3 g6 13. Nxf5 gxf5 14. Bh6 Rg8 $13 {Jakovenko,D-Kosyrev,V/Internet 2004}) 11. Ne2 Nb4 12. Qd1 Nf5 13. Ng3 g6 14. b3 Be7 15. c3 Na6 16. Nxf5 gxf5 17. Bh6 Rg8 $132 {Jakovenko,D-Vaganian,R/Sochi 2004}) ({RR} 7. h4 h6 8. h5 Ba6 9. Be2 Ne7 10. Nb5 Nc8 11. O-O Qd7 12. c4 dxc4 13. a4 Bb4 14. Bxc4 c6 15. Na3 Bxa3 16. Bxa6 Nxa6 17. Rxa3 Ne7 18. Nh4 O-O-O 19. Nf3 Kb7 20. Qe2 g6 21. Bd2 gxh5 {Sprenger,J (2498)-Galinsky,T (2365) Caleta 2019 ½-½ (48)}) 7... c6 8. Ba4 Ba6 (8... b5 9. Bb3 Nd7 10. Ne2 c5 11. c3 c4 12. Bc2 Ne7 13. Ng5 g6 14. Nf4 Nb6 15. h4 $16 {Labib,I-Mohamed,F/Cairo 1996}) 9. Ne2 Bxe2 $146 {After trading the lightsqared bishop black intends to close up the queenside putting all his pawns on the light squares.} (9... Ne7 10. c3 (10. O-O Nf5 11. Re1 b5 12. Bb3 c5 13. c3 Nc6 14. Bc2 g6 15. Bg5 Be7 16. Bxe7 Qxe7 17. dxc5 Qxc5 18. Bxf5 gxf5 19. Ned4 $16 {Fedorowicz,J-Zerm,A/Philadelphia 1997}) 10... h6 11. h4 Bb5 12. Bc2 c5 13. g3 Qc8 14. O-O Nbc6 15. Re1 $14 {Diaz,J-Nikolic,Z/Vrnjacka Banja 1988}) (9... Bb5 10. Bb3 Ne7 11. c3 c5 12. O-O Nbc6 13. Re1 Nf5 14. Bc2 $14 {Singer,C-Vogel,J/Krumbach 1991}) (9... Qc7 10. c3 Ne7 11. O-O Nd7 12. Re1 h6 13. Nf4 g6 14. Be3 Bg7 15. Bc2 c5 16. Qd2 $14 {Leoncini,M-Turci,S/Forli 1993}) ({RR} 9... h5 10. h4 Nh6 11. c3 Be7 12. Bg5 Kd7 13. Bc2 Ng4 14. Bxe7 Qxe7 15. O-O Bxe2 16. Qxe2 Na6 17. c4 Nc7 18. Rac1 Rhb8 19. Ba4 b5 20. cxb5 cxb5 21. Bc2 a4 22. Bd3 b4 23. Rc5 bxa3 24. bxa3 {Lanka,Z (2440)-Graf,F (2493) Austria 2013 1-0 (32)}) ({RR} 9... Qc7 10. c3 Ne7 11. O-O Nd7 12. Re1 h6 13. Nf4 g6 14. Be3 Bg7 15. Bc2 c5 16. Qd2 Rc8 17. Rac1 Qb7 18. b4 axb4 19. axb4 cxb4 20. cxb4 Bc4 21. Rb1 b5 22. Nd3 {½-½ (22) Leoncini,M (2250)-Turci,S (2230) Forli 1993}) 10. Qxe2 b5 11. Bb3 a4 12. Ba2 Nd7 13. c3 Nb6 (13... h6 14. Bb1 Ne7 15. Bd3 Qc7 16. h4 Nb6 17. h5 Nc4 18. g3 Nc8 19. Kf1 N8b6 20. Kg2 $14 {Lutz,C-Fries Nielsen,J/Copenhagen 1995}) 14. Bb1 Nc4 {It seems that white has an advantage, but the Norvegian prodigy didn't succeed to find a key to the position.} 15. Ng5 {It's obvious that white should try to break through on the kingisde, but it's easier said, than done since black's position is very solid.} (15. Bd3 h5 16. O-O g6 17. Rb1 Be7 18. g3 Nh6 19. Kg2 Kd7 $13) 15... g6 16. Qf3 (16. f4 $6 h5 17. g3 Nh6 18. h3 Nf5 19. Rg1 c5 $15) 16... Qe7 17. Qg3 Kd7 18. h4 $6 h5 19. Nh3 Nh6 20. Bg5 (20. Bd3 Nf5 21. Bxf5 gxf5 22. Bg5 Qe8 23. Bf6 Rh6 24. Rb1 Be7 25. Bg5 Rh8 26. Nf4 Qg8 $132) 20... Qe8 21. Ra2 $6 {[%csl Ra2] Such a move simply can't be correct, since the rook is cut off the game on a2.} Be7 22. Nf4 $6 Kc7 23. Nd3 (23. Bd3 $5 {[%cal Ge1d1,Gd1c2,Ga2a1]}) 23... Nf5 24. Qf4 Kb6 25. Rh3 Qd8 26. Nc5 {[%csl Rc5]} Qc7 27. Bxe7 Qxe7 $15 {Black's opening plan worked out just perfectly, however the only possibility to play for a win is to push g5, which might not be enough since white may easily protect the pawn on g2.} 28. Bd3 Rhg8 {[%cal Gg6g5]} 29. Kf1 Rg7 30. Kg1 Kc7 $5 {[%csl Ga4] Black is getting ready for :c4.} (30... Rag8 $5 31. Bxc4 bxc4 32. Nxa4+ Kb5 33. Nc5 g5 34. a4+ Kb6 35. hxg5 Rxg5 36. a5+ Ka7 $13) 31. Kf1 g5 (31... Rag8 32. Be2 (32. Bxc4 $6 bxc4 33. Nxa4 g5 34. hxg5 Rxg5 35. Rh2 Rg4 $17 {[%csl Ra2,Rh2]}) 32... g5 33. hxg5 Rxg5 34. Bf3) 32. hxg5 Rxg5 33. Be2 Rag8 34. Bf3 Rg4 ({May be black shouldn't force the matters by} 34... h4 {[%cal Ge7f8,Gf8h6] followed by f8-h6 or f8-g7 with considerable pressure.}) 35. Bxg4 Rxg4 36. Qc1 Rh4 37. Rxh4 Qxh4 38. Kg1 Qg4 39. Nd3 (39. f3 Qh4 40. b3 Ng3 41. Qe1 axb3 42. Nxb3 Qh1+ 43. Kf2 Qh4 $44) 39... Nh4 40. Ne1 Qe2 41. Nc2 Qg4 (41... Nd2 $5 42. Ne3 Ne4 43. Qf1 $140 (43. Qc2 Qe1+ 44. Nf1 Ng6 $44) 43... Nxc3 $1 {[%csl Ra2]} 44. Ra1 Qxb2 $15) 42. Ne1 Qe2 43. Nc2 Qg4 1/2-1/2

[Event "ESP-chT"]
[Site "Sanxenxo"]
[Date "2004.11.22"]
[Round "5"]
[White "Carlsen, Magnus"]
[Black "Korneev, Oleg"]
[Result "1/2-1/2"]
[WhiteElo "2581"]
[BlackElo "2583"]
[PlyCount "63"]
[EventDate "2004.11.18"]
[EventType "team"]
[EventRounds "9"]
[EventCountry "ESP"]
[SourceTitle "CBM 105"]
[Source "ChessBase"]
[SourceDate "2005.04.11"]
[SourceVersion "1"]
[SourceVersionDate "2005.04.11"]
[SourceQuality "1"]

1. e4 {Chuchelov,Vladimir} c5 2. Nf3 e6 3. d4 cxd4 4. Nxd4 a6 5. Bd3 Bc5 6. Nb3 Ba7 7. Qe2 Nc6 8. Be3 d6 9. Nc3 Nge7 10. f4 b5 11. O-O-O ({RR} 11. a4 b4 12. Nd1 Ng6 13. g3 O-O 14. Bxa7 Rxa7 15. Ne3 Na5 16. Nxa5 Qxa5 17. b3 Qc5 18. O-O-O Ne7 19. Bc4 Bb7 20. Qd3 Rd8 21. Rhf1 Nc6 22. Kb1 Bc8 23. g4 Na5 24. f5 Nxc4 25. Nxc4 a5 {Svidler,P (2765)-Romanov,E (2626) St Petersburg 2017 1-0 (46)}) 11... b4 12. Na4 Bd7 13. e5 ({RR} 13. Qd2 Bxe3 14. Qxe3 Rb8 15. Bxa6 Qc7 16. e5 dxe5 17. Nac5 exf4 18. Qf2 Bc8 19. Bxc8 Qxc8 20. Qxf4 O-O) ({RR} 13. Qf2 Bxe3+ 14. Qxe3 Nc8 15. e5 Na5 16. exd6 Bxa4 17. Nc5 Bd7 18. f5 Qf6 19. Nxd7 Kxd7 20. Qc5 Qd8 21. fxe6+ fxe6 22. Rhf1 b3 23. axb3 g6 24. Be4 Rb8 25. Qe5 Qg8 26. Qxa5 Rb6 27. Qc5 Qd8 {Diaz Mino,D (2306)-Rojas Salas,S (2425) Granada ESP 2025 1-0 (33)}) 13... Bxe3+ $146 ({RR} 13... Nd5 14. Bd2 dxe5 15. fxe5 Qc7 16. Rhe1 Nce7 {0-1 (16) Coenen,N (2335)-Chuchelov,V (2545) Fourmies 1998 CBM 066 [Chuchelov,Vladimir]}) ({RR} 13... Nd5 14. Bxa7 Nxa7 15. Be4 O-O 16. Bxd5 exd5 17. Rxd5 Bxa4 18. Nd4 Bd7 19. Rd1 Nb5 20. Nxb5 axb5 21. Rxd6 Ra7 22. R1d4 {0-1 (22) Garcia,G (2452)-Korneev,O (2611) Neiva 2005}) 14. Qxe3 dxe5 15. Be4 O-O 16. Nac5 Ra7 17. Qd3 Nd5 18. Bxd5 exd5 19. Qxd5 Nb8 20. Qxe5 Qc8 21. Rd6 a5 22. Nd4 a4 23. Nxd7 Nxd7 24. Qg5 b3 25. a3 Rc7 26. Nf5 Rxc2+ 27. Kd1 Rc1+ 28. Ke2 Rc2+ 29. Kd1 Rc1+ 30. Ke2 Rc2+ 31. Kd1 Rc1+ 32. Ke2 1/2-1/2

[Event "ESP-chT"]
[Site "Sanxenxo"]
[Date "2004.11.24"]
[Round "7"]
[White "Carlsen, Magnus"]
[Black "Krasenkow, Michal"]
[Result "1/2-1/2"]
[WhiteElo "2581"]
[BlackElo "2676"]
[Annotator "Finkel,Alexander"]
[PlyCount "73"]
[EventDate "2004.11.18"]
[EventType "team"]
[EventRounds "9"]
[EventCountry "ESP"]
[SourceTitle "CBM 105"]
[Source "ChessBase"]
[SourceDate "2005.04.11"]
[SourceVersion "1"]
[SourceVersionDate "2005.04.11"]
[SourceQuality "1"]

1. e4 {Mikhalevski,Victor} e5 2. Nf3 Nc6 3. Bb5 a6 4. Ba4 Nf6 5. O-O Nxe4 6. d4 b5 7. Bb3 d5 8. dxe5 Be6 9. Be3 {A solid continuation which usually yields white only a minimal advantage.} Be7 (9... Nc5 $6 10. Nc3 Nxb3 11. cxb3 $1 $14 {Ponomariov,R-Kortschnoj,V/Donetsk 2001/CBM 81}) (9... Bc5 {--> 1-0 Akopian,V-Adianto,U/Tripoli 2004/CBM 102 [Postny,E] (43)}) 10. c3 O-O 11. Nbd2 (11. Re1 Na5 {--> 0-1 Efimenko,Z-Kaidanov,G/Moscow 2003/CBM 94 [Postny,E] (39)}) 11... Qd7 (11... Bg4 {--> ½-½ Sadvakasov,D-Kortschnoj,V/Astana 2003/CBM 93 [Postny,E] (44)}) 12. Re1 ({Immediate} 12. Nxe4 {leads to a slightly better ending after} dxe4 13. Qxd7 Bxd7 14. e6 $5 (14. Rfd1 $5 Rad8 15. Rxd7 $5 ({RR} 15. Ng5 Nxe5 16. Nxe4 Bc8 17. Bc5 Bxc5 18. Nxc5 Nd7 19. Nxd7 Rxd7 20. Rxd7 Bxd7 21. f3 Rd8 22. Rd1 Kf8 23. Kf2 Ke7 24. Ke3 c5 25. Rd5 Rc8 26. g3) 15... Rxd7 16. e6 exf3 ({RR} 16... Rd3 17. exf7+ Kh8 18. Nd2 Na5) 17. exd7 Ne5 ({RR} 17... Rd8 18. Rd1 Bd6 ({RR} 18... Nb8 19. Bf4 Rxd7 20. Rxd7 Nxd7 21. Bxc7)) 18. Rd1 Rd8 19. Bf4 Bd6 20. Bxe5 Bxe5 21. Re1 $18 {Hansen,M-Nielsen,J/DEN 1989}) ({RR} 14. Rfd1 Rad8 15. Rxd7 Rxd7 16. e6 exf3 17. exd7 Ne5 18. Rd1 Rd8 19. Bf4 Bd6 20. Bxe5 Bxe5 21. Re1) ({RR} 14. Nd2 Nxe5 15. Nxe4 Bc6 16. Ng3 Nd3 17. Nf5 Rfe8 18. Rab1 Bf8 19. Rfd1 Be4 20. Ng3 Bg6 21. h4 h5 22. Bd5 Rad8 23. Bf3 Bd6 24. Ne2 Ne5 25. Rbc1 Nc4) 14... Bxe6 15. Bxe6 fxe6 16. Nd2 Ne5 17. Nxe4 Nd3 (17... Nc4 $5 18. Bc1 Rf5 19. b3 Nd6 20. Ng3 Rd5 21. Be3 Bf6 $11 {0-1 Thipsay,P-Sasikiran,K/Guntur, AP IND 2000}) ({RR} 17... Nc4 18. Bc1 Rf5 19. b3 Nd6 20. Ng3 Rd5 21. Be3 Bf6 22. Rac1 Kf7 23. Rc2 Rd8 24. Re1 Rd3 25. Bd4 Rd7 26. Ne2 Nf5 27. Bxf6 gxf6 28. g3 e5 29. b4 Rd1 30. Kf1 h5) 18. b3 $14 {Ravi,T-Dridi,A/Moscow 1994}) ({Does not create any problems for black:} 12. Bc2 {--> 0-1 Ganguly,S-Nielsen,P/Tripoli 2004/CBM 102 [Postny,E] (29)}) ({RR} 12. Nxe4 dxe4 13. Qxd7 Bxd7 14. e6 Bxe6 15. Bxe6 fxe6 16. Nd2 Ne5 17. Nxe4 Nd3 18. b3) 12... f5 (12... Kh8 13. Nxe4 ({RR} 13. Qe2 f5 14. exf6 Nxf6 15. Bg5 Bg8 16. a4 b4 17. a5 bxc3 18. bxc3 Bc5 19. Bxf6 Rxf6 20. Ba4 Qd6 21. Nb3 Ba7 22. Nfd4 Nxd4 23. cxd4 Raf8 24. Rf1 Qb4 25. Qe1 Rb8) ({RR} 13. Bc2 f5 14. exf6 Nxf6 15. Nb3 Bg4 16. Bc5 Bd6) 13... dxe4 14. Qxd7 Bxd7 15. e6 ({RR} 15. Red1 Rad8 16. Ng5 Nxe5 17. Nxe4) 15... Bxe6 16. Bxe6 fxe6 17. Nd2 Ne5 ({RR} 17... Kg8 18. Nxe4 Rf5 19. Re2 Rd8 20. g3 Rfd5 21. Kg2 Rd1 22. Rxd1 Rxd1 23. Bc5 Bd8 24. c4) 18. Nxe4 Nd3 19. Re2 $14 {Ivanchuk,V-Krasenkov,M/Lviv 2000}) ({Much more popular is} 12... Rad8 13. Bc2 Bf5 (13... Nxd2 14. Qxd2 Bf5 15. Rad1 Bxc2 16. Qxc2 $14 {Golod,V-Mikhalevski,V/Beersheba 1997}) (13... f5 14. exf6 Nxf6 15. a4 Bf5 $5 16. axb5 axb5 17. Bxf5 Qxf5 18. Ra6 Nb8 19. Ra5 b4 20. Bc5 Bxc5 21. Rxc5 bxc3 22. bxc3 {½-½ Brodsky,M-Ernst,S/Dieren 2001/CBM 83 ext (22)}) 14. Nxe4 Bxe4 15. Bxe4 dxe4 16. Qxd7 Rxd7 17. e6 fxe6 18. Nd2 Ne5 19. Nxe4 Nd3 (19... Rfd8 20. f3 Bh4 21. Bf2 Bxf2+ 22. Nxf2 Rd5 23. a4 $14 {Bruzon Bautista,L-Ponomariov,R/Mallorca 2004}) 20. Re2 Rf5 21. g3 Kf7 22. a4 h6 23. axb5 axb5 24. Ra6 Re5 $11 {Shirov,A-Mamedyarov,S/Izmir 2004}) ({RR} 12... Kh8 13. Nxe4 dxe4 14. Qxd7 Bxd7 15. e6 Bxe6 16. Bxe6 fxe6 17. Nd2 Ne5 18. Nxe4 Nd3 19. Re2 c5 20. f3 ({RR} 20. Rd2 c4 21. b3) 20... c4 21. Nf2 Rad8 22. Nxd3 cxd3 ({RR} 22... Rxd3 23. Bf2 Bf6) 23. Rd2 Rd5 24. Rad1 Rfd8 25. f4 Bf6 ({RR} 25... g5 26. g3 ({RR} 26. Bb6 R8d7) ({RR} 26. fxg5 e5) 26... gxf4 27. gxf4 Kg8 ({RR} 27... Bd6 28. Kg2 Rf8 29. Rxd3 Rxd3 30. Rxd3 Bxf4 31. Bxf4 Rxf4 32. Rd6) 28. Kf2) 26. g3 ({RR} 26. Kf2 e5 27. Kf3 exf4 28. Bd4 ({RR} 28. Bxf4 g5 ({RR} 28... R5d7 29. Ke4 Re8+ 30. Kf3 Red8) 29. Bc7 R8d7 30. Ke4 b4) 28... Kg8 29. Rxd3 Be5 ({RR} 29... g5 30. Ke4) 30. Ke4 Bc7 31. Bf2 Rxd3 32. Rxd3 Re8+ 33. Kf3) 26... h5 ({RR} 26... e5 27. Bb6 ({RR} 27. fxe5 Bxe5 28. Kg2 ({RR} 28. Bb6 {RR} Rb8 ({RR} 28... R8d6 29. Bc7) 29. Rxd3 Rxd3 30. Rxd3) 28... Bf6 29. g4 ({RR} 29. Bd4 Re8 30. Rxd3 ({RR} 30. Kf3 h5 31. Rxd3 Rf5+ 32. Kg2 Re2+) ({RR} 30. Bf2) 30... Re2+ 31. Kf3 Rxb2 32. Bxf6 Rxd3+ ({RR} 32... Rf5+ 33. Ke4) 33. Rxd3 gxf6 34. Rd6 Rxa2 35. Rxf6) ({RR} 29. Bb6 Re8 30. Kf3 h5) 29... h5 30. h3 ({RR} 30. Bd4 Re8 31. Rxd3 Re2+) ({RR} 30. gxh5 Bg5) 30... hxg4 31. hxg4 Bg5 32. Bxg5 Rxg5 33. Kf3 ({RR} 33. Rxd3 Rxd3 34. Rxd3 Rxg4+ 35. Kf3 Rg6) 33... Rgd5 34. Ke4 Rg5) 27... R8d7 ({RR} 27... Rb8 28. Bc7) ({RR} 27... Re8 28. Rxd3 Rxd3 29. Rxd3 exf4 30. gxf4 Re2 31. Re3) 28. fxe5 Bxe5 29. Kg2 Kg8 ({RR} 29... Bf6 30. Bd4 Re7 31. Rf2) ({RR} 29... b4 30. c4 R5d6 31. Bc5 Rc6 32. Rxd3 Rxd3 33. Rxd3 Kg8 34. Bxb4 Rxc4 35. Bc3) 30. Bd4 Bxd4 31. Rxd3 Re7 32. R3d2) 27. Kg2 {Ivanchuk,V (2709)-Krasenkow,M (2661) Lvov 2000 CBM 077 [Mikhalevski,Victor] ½-½ (59)}) ({RR} 12... Rad8) ({RR} 12... Nxd2 13. Qxd2 Na5 14. Bg5 c5 15. Bc2 Nc4 16. Qf4 Rfe8 17. Bf6 Qd8 18. b3 Na3 19. Bxe7 Qxe7 20. Bf5 Bxf5 21. Qxf5 Qe6 22. Qd3 a5 23. Rad1 Rad8 24. Re2 h6 25. Qe3 Rc8 26. Red2 Red8 27. h4 {Kamsky,G (2671)-Carlsen,M (2646) Turin 2006 ½-½ (31)}) 13. exf6 Nxf6 14. Bc2 {This natural move seems to be harmless for black, so white should look for an advantage in the other directions.} (14. Qe2 $5 Bd6 15. a4 Na5 16. Bc2 Nc4 17. axb5 axb5 18. Rxa8 Rxa8 19. Nxc4 bxc4 20. Bd4 $16 {Korneev,O-Cruz Lopez Claret,C}) 14... Bf5 (14... Bg4 15. Qe2 Rae8 16. Qf1 Bd6 17. h3 Bh5 18. Nd4 Nxd4 19. cxd4 Ne4 $132 {Van Elst,A-Ackermann,D/Porz 1990}) 15. Bxf5 $146 (15. Nd4 $6 Nxd4 16. cxd4 Bd6 17. f3 Rae8 18. Nf1 Nh5 19. Bb3 Be6 20. Bf2 Kh8 $15 {Golubovic,G-Popov,S/Cetinje 1991}) (15. Nb3 Rae8 16. Nbd4 Nxd4 17. Bxd4 Bxc2 18. Qxc2 Ne4 $132) ({RR} 15. Nd4 Nxd4 16. cxd4 Bd6 17. f3 Rae8 18. Nf1 Nh5 19. Bb3 Be6 20. Bf2 Kh8 21. Ne3 Qf7 22. g3 c6 23. Rc1 Bd7 24. a3 Nf6 25. Qd2 Ng8 26. Bd1 Nh6 27. f4 Re7 28. b4 Rfe8 29. Be2 Qf6 {Golubovic,G-Popov,S (2350) Cetinje 1991 0-1 (40)}) 15... Qxf5 16. Nf1 Ne4 ({Very serious attention deserved} 16... Bd6 $5 {since the knight on f6 could be very important attacking piece.} 17. Ng3 $140 $6 Bxg3 18. hxg3 Rae8 $15 {[%csl Rg1][%cal Gf6g4,Gf5h5]}) 17. Ng3 Nxg3 18. hxg3 Rad8 $5 {[%csl Gd5] Prophilaxis in case of g4 by white.} (18... Rae8 {[%cal Gc6d8,Gc7c6,Gd8e6]} 19. a4 Nd8 (19... b4 $6 20. g4 {[%csl Rd5]} Qf7 21. Qd3 $1 $14 {[%csl Ra6]}) 20. axb5 axb5 21. g4 Qd7 22. b4 c6 $13) 19. a4 b4 20. Qe2 (20. Rc1 Rd7 $5 {[%csl Gc7,Ge7]} (20... Qd7 21. c4 d4 22. Nxd4 Nxd4 23. Qxd4 Qxa4 $13) 21. Nd4 Nxd4 22. cxd4 {[%csl Ra6][%cal Gc1c6]} Rf6 (22... a5 $6 23. Rc6 Bd6 24. Ra6 Re7 25. Qb3 Rfe8 26. Rxa5 $14) 23. Qc2 Qxc2 24. Rxc2 b3 $11) 20... bxc3 21. bxc3 Qc8 22. Rad1 (22. Nd4 $6) 22... Bf6 23. Bg5 $5 h6 $6 {Krasenkov either underestimated white's chanses in he endgame or just missed white's reply.} (23... Bxc3 24. Bxd8 (24. Qe6+ $6 Qxe6 25. Rxe6 Rd6 26. Rxd6 cxd6 27. Rxd5 Bb4 $11) 24... Bxe1 25. Bh4 Bb4 (25... Ba5 $6 26. Rxd5 Bb6 27. Qc4 $1 $18 {[%csl Rc6,Rg8]}) 26. Rxd5 Kh8 27. Qd3 h6 $132 {[%cal Gc8e6]}) 24. Qe6+ $1 $14 {Very strong move after which black has to play very carefully to keep the balance.} (24. Bxf6 Rxf6 25. Nd4 Nxd4 26. cxd4 Rdf8 27. f3 Qd7 $11) 24... Qxe6 25. Rxe6 hxg5 (25... Nb8 26. Bxf6 Rxf6 27. Rxf6 gxf6 28. Nd4 c6 29. Rb1 $1 $14 {[%cal Gb1b7,Gb7c7]}) 26. Rxc6 Rde8 27. Rxc7 $6 (27. g4 $5 Re4 28. Rxa6 Rxg4 29. Rxd5 Rc4 (29... Bxc3 30. Rxg5 Rxg5 31. Nxg5 c5 32. Ne4 Bd4 33. Kf1 $16) 30. Ne5 Bxe5 31. Rxe5 Rxc3 32. Re2 $14) 27... Re4 $1 $11 28. a5 (28. Rxd5 g4 $1 (28... Rxa4 $2 29. Nxg5 $16) 29. Nd4 Re1+ 30. Kh2 Rb8 $1 $15 {[%csl Rh2][%cal Gb8b1]} 31. Nc2 $140 Rc1 32. Nb4 Rxb4 33. Rxg7+ Kxg7 34. cxb4 Rc4 $15) 28... g4 29. Nd4 Bxd4 30. Rxd4 Re1+ 31. Kh2 Rxf2 32. Rxg4 (32. Rxd5 $4 Rff1 $19) 32... Rf7 33. Rc8+ Rf8 34. Rxf8+ Kxf8 35. Rg6 Rc1 36. Rxa6 Rxc3 37. Rd6 1/2-1/2